000 00211 a2200097 4500
001 13694
100 _aGaulle, C D
245 _aThe War Memoirs
260 _aNew York
_bSimon & Schuster
_c
090 _c10689
_d10689
942 _aNUST-CAE
_cM
_c768
999 _c248767
_d248767